Math Chain #3 - Statistics

General Stats
  • This quiz has been taken 79 times
  • The average score is 10 of 20
Answer Stats
Hint Answer % Correct
- 44 100
100%
12 * 12 144
100%
+ 73 173
100%
- 166 180
100%
* 2 346
100%
In radians? pi
43%
cosine 1
36%
- 41 14
36%
* 11 154
36%
+ 15 16
36%
+ 6 160
36%
^(1/4) 2
36%
! 24
36%
* 2 2 pi
36%
- 156 4
36%
* 27.5 55
36%
lim(ans/x) as x approaches infinity 0
21%
/ x 2
20%
Derivative of that 2x
20%
+ x^2 x^2 + 24
20%
No matching quizzes found
Score Distribution
Percent of People with Each Score
Percentile by Number Answered
Your Score History
You have not taken this quiz